Fakta bersepadu spm fizik tingkatan 4 dan 5
| Main Author: | |
|---|---|
| Format: | Book |
| Published: |
K.L :
Pustaka Sistem Pelajaran Sdn.Bhd ,
1995
|
| Subjects: |
MARC
| LEADER | 00000cam a2200000 7i4500 | ||
|---|---|---|---|
| 001 | 0000006100 | ||
| 002 | 000006590 | ||
| 005 | 20000330.0 | ||
| 020 | |a 9679025918 | ||
| 090 | 0 | 0 | |a 530 |b LEE |
| 100 | 0 | |a Lee Too Ling | |
| 245 | 1 | 0 | |a Fakta bersepadu spm fizik tingkatan 4 dan 5 |c Lee Too Ling dan Tan Ah Mooi |
| 260 | |a K.L : |b Pustaka Sistem Pelajaran Sdn.Bhd , |c 1995 | ||
| 300 | |a 269p. ; |c 25cm. | ||
| 650 | 0 | 0 | |a Pysics |x spm |
| 999 | |a 038244 |b BUKU |c RUJUKAN |e PERPUSTAKAAN KOMUNITI PETALING JAYA | ||
| 999 | |a 038245 |b BUKU |c RUJUKAN |e PERPUSTAKAAN KOMUNITI PETALING JAYA | ||